Central Library OPAC University of Rajshahi

এলিঅট বিষ্ণু দে ও আধুনিক বাংলা কবিতা / (Record no. 41095)

MARC details
000 -LEADER
fixed length control field 00984nam a2200229 a 4500
001 - CONTROL NUMBER
control field 41095
003 - CONTROL NUMBER IDENTIFIER
rucl marc code BD-RjUL
005 - DATE AND TIME OF LATEST TRANSACTION
control field 20211209053329.0
008 - FIXED-LENGTH DATA ELEMENTS--GENERAL INFORMATION
fixed length control field 160515s1989 ii ||||| |||| 00| p ben d
020 ## - INTERNATIONAL STANDARD BOOK NUMBER
Terms of availability : IRs. 75.00
035 ## - SYSTEM CONTROL NUMBER
System control number (BD-RjUL) 41211
040 ## - CATALOGING SOURCE
Original cataloging agency BD-RjUL
Language of cataloging ben
Transcribing agency BD-RjUL
041 ## - LANGUAGE CODE
Language code of text/sound track or separate title ben
082 ## - DEWEY DECIMAL CLASSIFICATION NUMBER
Edition number 23
Classification number 891.44109
Author mark and year MAA 1989
100 ## - MAIN ENTRY--PERSONAL NAME
Personal name মাহাতা, বিনয়কুমার
9 (RLIN) 126422
245 10 - TITLE STATEMENT
Title এলিঅট বিষ্ণু দে ও আধুনিক বাংলা কবিতা /
Statement of responsibility, etc. মাহাতা, বিনয়কুমার
260 ## - PUBLICATION, DISTRIBUTION, ETC. (IMPRINT)
Place of publication, distribution, etc. করিকাতা :
Name of publisher, distributor, etc. কলেজস্ট্রীট পাবলিকেশন প্রা. লি.,
Date of publication, distribution, etc. ১৯৮৯ (১৩৯৬)
300 ## - PHYSICAL DESCRIPTION
Pagination ৩৯১ পৃ. ;
Size ২১ সেমি.
650 ## - SUBJECT ADDED ENTRY--TOPICAL TERM
Topical term or geographic name as entry element বাংলা কবিতা
General subdivision ইতিহাস ও সমালোচনা
9 (RLIN) 126423
Topical term or geographic name as entry element Bengali Poetry
General subdivision History and Criticism
9 (RLIN) 126424
942 ## - ADDED ENTRY ELEMENTS (KOHA)
Source of classification or shelving scheme Dewey Decimal Classification
Koha item type Books
Holdings
Lost status Source of classification or shelving scheme Damaged status Not for loan Collection code Permanent Location Current Location Shelving location Date acquired Source of acquisition Cost, normal purchase price Total Checkouts Full call number Date last seen Date checked out Copy number Koha item type
  Dewey Decimal Classification     Non-fiction Central Library, University of Rajshahi Central Library, University of Rajshahi   23/12/1996 Angkur Prokashan, Dhaka 75.00 4 B 891.44109 MAA 1989 18/05/2025 08/05/2025 C-2 Books
  Dewey Decimal Classification   Not For Loan Non-fiction Central Library, University of Rajshahi Central Library, University of Rajshahi Reading Room 23/12/1996 Ankur prokashoni, Dhaka. 75.00   B 891.44109 MAA 1989 14/02/2017   C-1 Books